How forests think : toward an anthropology beyond the human
Αποθηκεύτηκε σε:
| Κύριος συγγραφέας: | |
|---|---|
| Μορφή: | Βιβλίο |
| Γλώσσα: | English |
| Δημοσίευση: |
Berkeley :
University of California Press,
[2013].
|
| Θέματα: | |
| Ετικέτες: |
Προσθήκη ετικέτας
Δεν υπάρχουν, Καταχωρήστε ετικέτα πρώτοι!
|
MARC
| LEADER | 00000cam a2200000 a 4500 | ||
|---|---|---|---|
| 001 | 1/106520 | ||
| 008 | 150526s2013####cau| ||| |||| ||eng|| | ||
| 020 | |a 9780520276116 (χαρτόδ.) | ||
| 040 | |a GR-MyUa |b gre |c GR-MyUa |e AACR2 | ||
| 041 | 0 | |a eng | |
| 082 | 7 | |a 986.6 |2 (23) | |
| 100 | 1 | |a Kohn, Eduardo. | |
| 245 | 1 | 0 | |a How forests think : |b toward an anthropology beyond the human / |c Eduardo Kohn. |
| 260 | |a Berkeley : |b University of California Press, |c [2013]. | ||
| 300 | |a xiii, 267 σ. |c 24 εκ. | ||
| 504 | |a Περιλαμβάνει βιβλιογραφία (σ. 243-258) και ευρετήριο. | ||
| 650 | 0 | |a Quechua mythology. | |
| 650 | 0 | |a Indigenous peoples |x Ecology. | |
| 650 | 0 | |a Human-animal relationships |z North America. | |
| 650 | 0 | |a Human-animal relationships |z Amazon River Region. | |
| 650 | 0 | |a Human-plant relationships |z Amazon River Region. | |
| 650 | 0 | |a Philosophy of nature |z Amazon River Region. | |
| 852 | |a INST |b LESVOS |e 20150526 |h 986.6 KOH |p 005100056657 |q 005100056657 |t BK |y 0 | ||
| 970 | |a Τζαφέρη |b Ευαγγελία |z 26-05-2015 | ||